Les Membres du Conclave de HB - Statistiques

Statistiques générales
  • Ce quiz a été pris 8 fois
  • Le résultat moyen est 17 sur 18
Statistiques - réponses
Hint Réponse % Correct
18 Aldia
100%
4 Aleiksei
100%
15 Azur
100%
5 Crépuscule
100%
7 Ehlyn
100%
10 Iridius
100%
6 Lacrima
100%
11 Lellion
100%
2 Niben
100%
13 Polyne
100%
14 Soffie
100%
17 Sylkabe
100%
16 Vildiur
100%
1 Yazor
100%
3 Bartohrn
88%
9 Flarian
88%
12 Nocturne
88%
8 Fenitis
75%
Aucun quiz correspondant
Distribution des résultats
% des personnes avec chaque résultat
Percentile par nombre de réponses
Votre historique - résultats
Vous n’avez pas pris ce quiz